000 00488nam a2200193Ia 4500
005 20240823021521.0
008 240823s9999||||xx |||||||||||||| ||und||
020 _a81-203-3036-2
041 _aENGLISH
082 _A658.15 P6
100 _a"Wang,XiaoHu"
245 0 _aFinancial Management in the Public Sector
250 _a1st
260 _c2006
_b"PHI,.New "
_aNew Delhi
500 _aYES
650 _afinancial Management
_bManagement Studies
942 _cBK
999 _c177186
_d177186